[Event "AUTO-MASTER-1623"]
[Site "http://www.queenalice.com/game.php?id=1046468"]
[Date "2012.4.6"]
[Round "1"]
[White "Constante"]
[Black "bruno_borges"]
[Result "0-1"]
[WhiteElo "2061"]
[BlackElo "2064"]

1. e4 e5 2. Nf3 Nc6 3. Bb5 a6 4. Ba4 Nf6 5. O-O Nxe4 6. d4 b5 7. Bb3 d5 8. dxe5
Be6 9. c3 Be7 10. Be3 O-O 11. Re1 Na5 12. Nbd2 Nxb3 13. Nxb3 c5 14. Nbd2 f5 15.
exf6 Nxf6 16. Bxc5 Bxc5 17. Rxe6 Ng4 18. Re2 Qb6 19. Nd4 Bxd4 20. cxd4 Qxd4 21.
Nf3 Qc5 22. h3 Nf6 23. Rc1 Qd6 24. Nd4 Ne4 25. Nf3 Rad8 26. Qd4 Rf4 27. Ne5 Rdf8
28. Nd3 R4f6 29. b4 Ng5 30. Qg4 Rg6 31. f4 Ne4 32. Qf3 Rg3 33. Qf1 Rxd3 34. Qe1
Qxf4 0-1

[Event "OS INCLIVEIS"]
[Site "http://www.queenalice.com/game.php?id=1051254"]
[Date "2012.4.21"]
[Round "-"]
[White "adelio"]
[Black "bruno_borges"]
[Result "0-1"]
[WhiteElo "1743"]
[BlackElo "2107"]

1. d4 Nf6 2. d5 c6 3. c4 g6 4. Nc3 Bg7 5. e4 d6 6. h3 O-O 7. b4 Qc7 8. g4 Nxg4
9. Bd2 Nf6 10. f3 Nbd7 11. f4 e5 12. f5 Nh5 13. Nce2 gxf5 14. exf5 Ndf6 15. Qc2
e4 16. Bg2 Bxf5 17. Be3 cxd5 18. c5 dxc5 19. Bxc5 b6 20. Rc1 bxc5 21. bxc5 d4
22. Qb3 d3 23. Qb2 dxe2 24. Nxe2 Ng3 25. Rg1 Nxe2 26. Qxe2 Rfd8 27. Rc4 e3 28.
Bxa8 Qa5+ 29. Kf1 Bd3 30. Qxd3 Rxd3 31. Rc2 Qb5 32. Rxg7+ Kxg7 33. Rg2+ Kf8 34.
Kg1 e2 35. Rxe2 Qxc5+ 36. Kf1 Rd1+ 37. Kg2 Qg1+ 38. Kf3 Rf1+ 39. Rf2 Qxf2# 0-1

[Event "AUTO-MASTER-1647"]
[Site "http://www.queenalice.com/game.php?id=1057291"]
[Date "2012.5.7"]
[Round "1"]
[White "rmvwoods"]
[Black "bruno_borges"]
[Result "0-1"]
[WhiteElo "2080"]
[BlackElo "2064"]

1. d4 Nf6 2. c4 e6 3. Nf3 Bb4+ 4. Bd2 Qe7 5. g3 b6 6. Bg2 Bb7 7. O-O Na6 8. a3
Bxd2 9. Nbxd2 c5 10. e3 Rc8 11. Re1 O-O 12. e4 d5 13. exd5 cxd4 14. dxe6 d3 15.
exf7+ Qxf7 16. Ne5 Qc7 17. Nxd3 Rcd8 18. Bxb7 Qxb7 19. Qc2 Qd7 20. Nf4 Qxd2 21.
Qb3 Nc5 22. Qb5 Nfe4 23. Rf1 g5 24. Nh3 Nd3 25. Rad1 Qe2 26. a4 Ndxf2 27. Nxf2
Rxd1 28. Rxd1 Qxf2+ 29. Kh1 Qf3+ 0-1

[Event "AUTO-MASTER-1647"]
[Site "http://www.queenalice.com/game.php?id=1057292"]
[Date "2012.5.7"]
[Round "1"]
[White "bruno_borges"]
[Black "rmvwoods"]
[Result "1-0"]
[WhiteElo "2099"]
[BlackElo "2030"]

1. e4 c5 2. Nf3 Nc6 3. d4 cxd4 4. Nxd4 g6 5. Nc3 Bg7 6. Be3 Nf6 7. Be2 O-O 8.
O-O d5 9. Nxd5 Nxe4 10. Nxc6 bxc6 11. Nb4 c5 12. Qxd8 Rxd8 13. Nc6 Re8 14. Bf3
f5 15. Rab1 Bb7 16. Na5 Rab8 17. c3 Nd6 18. Nxb7 Nxb7 19. b4 Bxc3 20. bxc5 Na5
21. Rxb8 Rxb8 22. c6 Be5 23. Bxa7 Rc8 24. Bd5+ Kg7 25. Bb6 Nxc6 26. Rc1 Kf6 27.
Rxc6+ Rxc6 28. Bxc6 Bb8 29. a4 e5 30. a5 e4 31. a6 Kg5 32. a7 Bxa7 33. Bxa7 h5
34. Kf1 Kg4 35. Bd4 h4 36. h3+ Kf4 37. Ke2 Kg5 38. Bg7 Kf4 39. Bf8 Kg5 40. Bg7
Kf4 41. Be8 Kg5 42. Ke3 Kh5 43. Kd4 Kg5 44. Ke5 Kh5 45. Kf6 e3 46. Bxg6# 1-0

[Event "AUTO-MASTER-1647"]
[Site "http://www.queenalice.com/game.php?id=1057303"]
[Date "2012.5.7"]
[Round "1"]
[White "Pinehill"]
[Black "bruno_borges"]
[Result "1-0"]
[WhiteElo "1886"]
[BlackElo "2084"]

1. e4 e5 2. Nf3 Nc6 3. Bc4 Bc5 4. O-O Nf6 5. d4 Nxd4 6. Nxe5 Ne6 7. Bg5 Nxg5 8.
Nc3 d6 9. Nd3 Bb6 10. h3 Be6 11. Bxe6 Nxe6 12. Kh1 Qd7 13. f3 O-O-O 14. Qe2 Nh5
15. Kh2 Nhf4 16. Nxf4 Nxf4 17. Qd2 g5 18. Nd5 Nxd5 19. Qxd5 Be3 20. Rad1 h5 21.
Rd3 Bf4+ 22. g3 Be5 23. f4 gxf4 24. gxf4 Bf6 25. e5 dxe5 26. Qxd7+ 1-0

[Event "AUTO-MASTER-1647"]
[Site "http://www.queenalice.com/game.php?id=1057304"]
[Date "2012.5.7"]
[Round "1"]
[White "bruno_borges"]
[Black "Pinehill"]
[Result "0-1"]
[WhiteElo "2107"]
[BlackElo "1860"]

1. e4 d5 2. exd5 Qxd5 3. Nc3 Qa5 4. h3 Nf6 5. Nf3 Bf5 6. Bc4 e6 7. O-O c6 8. d4
Nbd7 9. Bf4 Nd5 10. Nxd5 cxd5 11. Bb3 Rc8 12. c3 Be7 13. Ne5 Nxe5 14. Bxe5 O-O
15. Bc2 Bxc2 16. Qxc2 b5 17. a3 Rc4 18. Qe2 Qd8 19. f4 f6 20. Bb8 Qxb8 21. Qxe6+
Rf7 22. Qxd5 Bd6 23. f5 Qc7 24. Qxb5 Rc6 25. Qd5 Kh8 26. Rae1 Rb6 0-1

[Event "AUTO-MASTER-1647"]
[Site "http://www.queenalice.com/game.php?id=1057311"]
[Date "2012.5.7"]
[Round "1"]
[White "bruno_borges"]
[Black "Pistolero"]
[Result "1-0"]
[WhiteElo "2045"]
[BlackElo "2127"]

1. e4 c5 2. Nf3 Nc6 3. d4 cxd4 4. Nxd4 Nf6 5. Nc3 e5 6. Ndb5 d6 7. Nd5 Nxd5 8.
exd5 Nb8 9. c4 a6 10. Nc3 Be7 11. Be2 O-O 12. O-O f5 13. Kh1 Nd7 14. b4 Nf6 15.
f4 b6 16. Bb2 Ne4 17. Nxe4 fxe4 18. fxe5 dxe5 19. Bxe5 Bxb4 20. Qd4 Bc5 21. Qxe4
Qg5 22. Bd3 g6 23. d6 Bf5 24. Qd5+ Rf7 25. Qxa8+ 1-0

[Event "AUTO-MASTER-1647"]
[Site "http://www.queenalice.com/game.php?id=1057312"]
[Date "2012.5.7"]
[Round "1"]
[White "Pistolero"]
[Black "bruno_borges"]
[Result "1-0"]
[WhiteElo "2081"]
[BlackElo "2060"]

1. e4 e5 2. Nf3 Nc6 3. d4 exd4 4. Nxd4 Bc5 5. Nb3 Bb6 6. Nc3 Qf6 7. Qe2 Nge7 8.
Be3 d6 9. O-O-O Be6 10. Nd5 Bxd5 11. exd5 Ne5 12. f4 N5g6 13. g3 O-O-O 14. Bg2
Nf5 15. Bxb6 axb6 16. Rhe1 Rhe8 17. Qxe8 Rxe8 18. Rxe8+ Kd7 19. Rde1 Nfe7 20.
Rb8 h5 21. Bh3+ 1-0

[Event "AUTO-MASTER-1562"]
[Site "http://www.queenalice.com/game.php?id=1069914"]
[Date "2012.6.9"]
[Round "2"]
[White "bruno_borges"]
[Black "retkat"]
[Result "1-0"]
[WhiteElo "2098"]
[BlackElo "2099"]

1. e4 e6 2. d4 d5 3. Nd2 Nf6 4. e5 Nfd7 5. Ngf3 c5 6. dxc5 Bxc5 7. Nb3 Bb6 8.
Bd3 O-O 9. Ng5 h6 10. Qh5 Nxe5 11. Bh7+ Kh8 12. Nxe6 fxe6 13. Bxh6 gxh6 14. Qxh6
1-0

[Event "AUTO-MASTER-1562"]
[Site "http://www.queenalice.com/game.php?id=1069915"]
[Date "2012.6.9"]
[Round "2"]
[White "retkat"]
[Black "bruno_borges"]
[Result "0-1"]
[WhiteElo "2112"]
[BlackElo "2081"]

1. d4 Nf6 2. c4 e6 3. Nf3 Bb4+ 4. Nbd2 O-O 5. a3 Be7 6. e4 d5 7. e5 Ng4 8. Bd3
dxc4 9. Nxc4 c5 10. h3 Nh6 11. Bxh6 gxh6 12. dxc5 Bxc5 13. O-O Nc6 14. Qd2 Kg7
15. b4 Bd4 16. Rad1 b6 17. Qf4 Ba6 0-1

[Event "AUTO-MASTER-1562"]
[Site "http://www.queenalice.com/game.php?id=1069916"]
[Date "2012.6.9"]
[Round "2"]
[White "bruno_borges"]
[Black "phystutordotcom"]
[Result "1/2-1/2"]
[WhiteElo "2111"]
[BlackElo "2155"]

1. e4 d6 2. d4 Nf6 3. Nc3 e5 4. dxe5 dxe5 5. Qxd8+ Kxd8 6. Bg5 c6 7. Nf3 Nd7 8.
O-O-O Ke8 9. Bc4 Be7 10. Nh4 b5 11. Bb3 Nc5 12. Nf5 Nxb3+ 13. axb3 Bxf5 14. exf5
Nd5 15. Nxd5 Bxg5+ 16. f4 Bxf4+ 17. Nxf4 exf4 18. Rhe1+ Kf8 19. Rd6 Rc8 20. Rd7
Re8 21. Kd2 Rxe1 22. Kxe1 g5 23. Rxa7 Kg7 24. Rc7 Re8+ 25. Kf2 Kf6 1/2-1/2

[Event "AUTO-MASTER-1562"]
[Site "http://www.queenalice.com/game.php?id=1069917"]
[Date "2012.6.9"]
[Round "2"]
[White "phystutordotcom"]
[Black "bruno_borges"]
[Result "1-0"]
[WhiteElo "2082"]
[BlackElo "2080"]

1. Nf3 Nf6 2. g3 b6 3. d4 Bb7 4. c4 e6 5. Bg2 Be7 6. Nc3 O-O 7. Qc2 c5 8. d5
exd5 9. Ng5 h6 10. Nxd5 Nxd5 11. Qh7# 1-0

[Event "AUTO-MASTER-1562"]
[Site "http://www.queenalice.com/game.php?id=1069918"]
[Date "2012.6.9"]
[Round "2"]
[White "bruno_borges"]
[Black "Antak"]
[Result "1-0"]
[WhiteElo "2083"]
[BlackElo "2116"]

1. e4 c5 2. Nf3 e6 3. d4 cxd4 4. Nxd4 a6 5. Bd3 Nc6 6. Nxc6 bxc6 7. O-O d5 8.
Nc3 Nf6 9. e5 Nd7 10. f4 Bc5+ 11. Kh1 O-O 12. Qh5 f5 13. Rf3 Qe8 14. Qh4 Be7 15.
Qh3 Bb7 16. Be3 c5 17. Ne2 d4 18. Bf2 Bxf3 19. Qxf3 Nb6 20. b3 Qd7 21. a4 Nd5
22. Bc4 Nb4 23. c3 dxc3 24. Nxc3 Rad8 25. Rd1 Qc8 26. Rxd8 Rxd8 27. Qh5 Nd3 28.
Be3 Nb2 29. Qe2 1-0

[Event "AUTO-MASTER-1562"]
[Site "http://www.queenalice.com/game.php?id=1069919"]
[Date "2012.6.9"]
[Round "2"]
[White "Antak"]
[Black "bruno_borges"]
[Result "1-0"]
[WhiteElo "2092"]
[BlackElo "2112"]

1. d4 Nf6 2. c4 e6 3. Nc3 Bb4 4. Qc2 O-O 5. Nf3 d5 6. Bg5 dxc4 7. e4 h6 8. Bxf6
Qxf6 9. Bxc4 c5 10. O-O Nc6 11. e5 Qf4 12. Ne2 cxd4 13. Nxf4 1-0

[Event "Challenge"]
[Site "http://www.queenalice.com/game.php?id=1093226"]
[Date "2012.8.14"]
[Round "-"]
[White "markoa"]
[Black "bruno_borges"]
[Result "1-0"]
[WhiteElo "1704"]
[BlackElo "2100"]

1. d4 Nf6 2. c4 e6 3. a3 d5 4. Nc3 c5 5. cxd5 Nxd5 6. Nf3 Nc6 7. Bd2 cxd4 8. Nb5
e5 9. Qa4 Bd7 10. Qc4 Be6 11. h3 Be7 12. Qa4 O-O 13. Rc1 a6 14. e4 dxe3 15. Bxe3
axb5 16. Qxb5 Nxe3 17. fxe3 Bh4+ 18. Ke2 Ra5 19. Qxb7 Qd5 20. Qxc6 1-0

[Event "AUTO-MASTER-1786"]
[Site "http://www.queenalice.com/game.php?id=1131995"]
[Date "2012.12.17"]
[Round "1"]
[White "Pros0dia"]
[Black "bruno_borges"]
[Result "0-1"]
[WhiteElo "1853"]
[BlackElo "2042"]

1. e4 e5 2. Nf3 Nc6 3. Bb5 a6 4. Ba4 Nf6 5. O-O Nxe4 6. Re1 Nc5 7. Nxe5 Nxe5 8.
Rxe5+ Be7 9. Nc3 Nxa4 10. Nxa4 d6 11. Re1 O-O 12. d4 d5 13. Bf4 Bf5 14. a3 Qd7
15. Nc3 Rfe8 16. Qd2 Bf6 17. Na2 Be4 18. f3 Bg6 0-1

[Event "AUTO-MASTER-1786"]
[Site "http://www.queenalice.com/game.php?id=1131996"]
[Date "2012.12.17"]
[Round "1"]
[White "bruno_borges"]
[Black "Pros0dia"]
[Result "0-1"]
[WhiteElo "2060"]
[BlackElo "1967"]

1. e4 e5 2. Nf3 Nf6 3. d4 Nxe4 4. dxe5 d5 5. c3 Bg4 6. h3 Bh5 7. g4 Bg6 8. Nbd2
Bc5 9. Nd4 a6 10. N2b3 Nd7 11. f4 Qh4+ 0-1

[Event "AUTO-MASTER-1786"]
[Site "http://www.queenalice.com/game.php?id=1132011"]
[Date "2012.12.17"]
[Round "1"]
[White "bruno_borges"]
[Black "xmballd"]
[Result "0-1"]
[WhiteElo "2071"]
[BlackElo "2192"]

1. e4 e5 2. Nf3 Nc6 3. Bb5 a6 4. Ba4 Nf6 5. O-O Be7 6. Re1 b5 7. Bb3 d6 8. h3
O-O 9. c3 Na5 10. Bc2 c5 11. d4 Qc7 12. Nbd2 Bd7 13. Nf1 Rfe8 14. Ng3 g6 15. Bg5
Nc4 0-1

[Event "AUTO-MASTER-1786"]
[Site "http://www.queenalice.com/game.php?id=1132012"]
[Date "2012.12.17"]
[Round "1"]
[White "xmballd"]
[Black "bruno_borges"]
[Result "1-0"]
[WhiteElo "2183"]
[BlackElo "2083"]

1. e4 e5 2. Nf3 Nc6 3. Nc3 Nf6 4. Bb5 a6 5. Bxc6 dxc6 6. O-O Bg4 7. h3 Bxf3 8.
Qxf3 Qd4 9. d3 Bc5 10. Ne2 Qd7 11. Ng3 O-O-O 12. Bg5 Be7 13. Nf5 h6 14. Nxe7+
Qxe7 15. Bxf6 1-0

[Event "AUTO-MASTER-1786"]
[Site "http://www.queenalice.com/game.php?id=1132013"]
[Date "2012.12.17"]
[Round "1"]
[White "bruno_borges"]
[Black "juli1"]
[Result "0-1"]
[WhiteElo "2091"]
[BlackElo "2288"]

1. e4 Nf6 2. e5 Nd5 3. d4 d6 4. Nf3 Bf5 5. c4 Nb4 6. Na3 Nd7 7. Nh4 Be4 8. Qe2
Nd3+ 9. Kd1 e6 10. Nf3 dxe5 11. Be3 Bxa3 12. bxa3 N7c5 13. dxc5 Nxf2+ 14. Kc1
Nxh1 15. Nxe5 Qf6 16. Bd4 Qf4+ 17. Kb2 Rd8 18. Rd1 Nf2 19. Rd2 O-O 20. h3 f6 21.
Nf3 Nxh3 22. Be3 Qg4 0-1

[Event "AUTO-MASTER-1786"]
[Site "http://www.queenalice.com/game.php?id=1132014"]
[Date "2012.12.17"]
[Round "1"]
[White "juli1"]
[Black "bruno_borges"]
[Result "1-0"]
[WhiteElo "2281"]
[BlackElo "2100"]

1. c4 Nf6 2. Nc3 e6 3. d4 Bb4 4. e3 Ne4 5. Qc2 Nxc3 6. bxc3 Be7 7. Nf3 b6 8. e4
O-O 9. Bd3 Bb7 10. O-O d6 11. e5 h6 12. Bh7+ Kh8 13. Be4 d5 14. cxd5 Bxd5 15. c4
Bxe4 16. Qxe4 Na6 17. Bd2 Qd7 18. a4 f5 19. exf6 Bxf6 20. a5 c5 21. axb6 axb6
22. Be3 Qc8 23. Ne5 cxd4 24. Ng6+ 1-0

[Event "Challenge"]
[Site "http://www.queenalice.com/game.php?id=1159331"]
[Date "2013.3.9"]
[Round "-"]
[White "Ebbe"]
[Black "bruno_borges"]
[Result "1-0"]
[WhiteElo "1933"]
[BlackElo "2050"]

1. d4 Nf6 2. Nc3 e6 3. e4 Bb4 4. e5 Nd5 5. Bd2 d6 6. Qg4 g6 7. a3 Ba5 8. b4 Bb6
9. Ne4 f5 10. Nf6+ Kf7 11. Qh4 Nd7 12. Nf3 N7xf6 13. Bg5 dxe5 14. dxe5 1-0